|
|
|
|
| LEADER |
00000cam a22000004a 4500 |
| 001 |
musev2_603 |
| 003 |
MdBmJHUP |
| 005 |
20230905040117.0 |
| 006 |
m o d |
| 007 |
cr||||||||nn|n |
| 008 |
100619s2010 ohu o 00 0 eng d |
| 010 |
|
|
|z 2010024450
|
| 020 |
|
|
|a 9780821443439
|
| 020 |
|
|
|z 9780821419236
|
| 020 |
|
|
|z 0821443437
|
| 020 |
|
|
|z 0821419234
|
| 035 |
|
|
|a (OCoLC)794698915
|
| 040 |
|
|
|a MdBmJHUP
|c MdBmJHUP
|
| 043 |
|
|
|a fe-----
|
| 050 |
0 |
4 |
|a GN658
|b .G46 2010
|
| 082 |
0 |
|
|a 967.6
|2 22
|
| 245 |
0 |
0 |
|a Generations Past :
|b Youth in East African History /
|c edited by Andrew Burton and Helene Charton-Bigot.
|
| 264 |
|
1 |
|a Athens :
|b Ohio University Press,
|c 2010.
|
| 264 |
|
3 |
|a Baltimore, Md. :
|b Project MUSE,
|c 2012
|
| 264 |
|
4 |
|c ©2010.
|
| 300 |
|
|
|a 1 online resource (301 pages):
|b ill., map ;
|
| 336 |
|
|
|a text
|b txt
|2 rdacontent
|
| 337 |
|
|
|a computer
|b c
|2 rdamedia
|
| 338 |
|
|
|a online resource
|b cr
|2 rdacarrier
|
| 504 |
|
|
|a Includes bibliographical references and index.
|
| 505 |
0 |
|
|a Introduction / G. Thomas Burgess and Andrew Burton -- Arms and adolescence : male youth, warfare, and statehood in nineteenth-century Eastern Africa / Richard Reid -- Youth, cattle raiding, and generational conflict along the Kenya-Uganda border / Dave Eaton -- Setting a moral economy in motion : youth in Tanzania's "age of improvement" / James L. Giblin -- Colonial youth at the crossroads : fifteen alliance "boys" / Helene Charton-Bigot -- Raw youth, school-leavers, and the emergence of structural unemployment in late colonial urban Tanganyika / Andrew Burton -- Bad boys in the bush? Disciplining Murran in colonial Maasailand / Richard Waller -- Youth, elders, and metaphors of political change in late colonial Buganda / Carol Summers -- Youth, the TANU youth league, and managed vigilantism in Dar es Salaam, 1925-73 / James R. Brennan -- To differentiate rice from grass : youth labor camps in revolutionary Zanzibar / G. Thomas Burgess -- Premarital sexuality in Great Lakes Africa, 1900-1980 / Shane Doyle -- "Ruined lives" : an analysis of gender relations, youth sexual behavior, and HIV and AIDs in early twenty-first-century Kenya / Joyce Nyairo and Eunice Kamaara -- Protecting young people: alcohol, advertising, and youth in Kenya / Justin Willis.
|
| 588 |
|
|
|a Description based on print version record.
|
| 650 |
|
0 |
|a Young men
|z Africa, Eastern.
|
| 650 |
|
0 |
|a Intergenerational relations
|z Africa, Eastern.
|
| 650 |
|
0 |
|a Age groups
|z Africa, Eastern.
|
| 650 |
|
0 |
|a Social change
|z Africa, Eastern.
|
| 650 |
|
0 |
|a Ethnology
|z Africa, Eastern.
|
| 651 |
|
0 |
|a Africa, Eastern
|x Social conditions.
|
| 655 |
|
7 |
|a Electronic books.
|2 local
|
| 700 |
1 |
|
|a Charton-Bigot, Helene.
|
| 700 |
1 |
|
|a Burton, Andrew
|q (Andrew Ross)
|
| 710 |
2 |
|
|a Project Muse.
|e distributor
|
| 830 |
|
0 |
|a Book collections on Project MUSE.
|
| 856 |
4 |
0 |
|z Texto completo
|u https://projectmuse.uam.elogim.com/book/603/
|
| 945 |
|
|
|a Project MUSE - Custom Collection
|
| 945 |
|
|
|a Project MUSE - 2010 History
|
| 945 |
|
|
|a Project MUSE - Archive African Studies Foundation
|
| 945 |
|
|
|a Project MUSE - 2010 Complete
|